| 000 | 00502nam a2200181Ia 4500 | ||
|---|---|---|---|
| 003 | GCL | ||
| 008 | 140319s9999 xx 000 0 eng d | ||
| 040 |
_aGCL / _cGCL |
||
| 082 | 0 | 4 |
_a657.042 _bR C |
| 100 | 1 | _aRAYBURN, LETRICIA GAYLE | |
| 245 | 1 | 0 |
_aCOST ACCOUNTING: USING A COST MANAGEMENT APPROACH / _cRAYBURN, LETRICIA GAYLE |
| 260 |
_a[S.N] : _bIRWIN ، _c1996 |
||
| 300 | _a816 P | ||
| 650 | 0 | 4 | _aMANAGEMENT - ACCOUNTING |
| 650 | 0 | 4 | _aACCOUNTING |
| 650 | 0 | 4 | _aCOST ACCOUNTING |
| 942 |
_2ddc _cBK |
||
| 999 |
_c13322 _d13322 |
||